00394nam a2200169Ia 4500003000400000005001700004008004100021040000700062041000800069082002000077100002000097245002900117260002900146365001300175650001400188650002200202OSt20230607155727.0210423s1995 xx 000 0 und d cAL aeng a307.76 CARS223 aCARTER (Harold) aStudy of urban geography bRawat Publicationsc1995 b895cINR aSociology aUrban Communities